| 000 | 00493 a2200169 4500 | ||
|---|---|---|---|
| 003 | Nust | ||
| 005 | 20221208092644.0 | ||
| 040 | _cNust | ||
| 082 | _a297.122,ALZ | ||
| 100 |
_aPir Mohammad Karam Shah _9104402 |
||
| 245 |
_aZia-ul-Quran _b ( Jild ) Vol: 1, 2 ,4,5 / _cPir Muhammad Karam Shah Alazhri |
||
| 260 |
_apakistan(Lahore) _bZia-ul-Quran |
||
| 300 | _a672:p | ||
| 600 |
_aPir Muhammad karam Shah Alzahar _9104403 |
||
| 650 |
_aZia ul Quran _9104404 |
||
| 942 |
_2ddc _cBK _k297.122,ALZ |
||
| 999 |
_c179256 _d179256 |
||